000 00267nam a22001217a 4500
008 180831b xxu||||| |||| 00| 0 eng d
041 _aeng
080 _a510
100 _a36
101 _aMAT
245 _aAnalysis in Euclidean Space
_cHoffman, K
942 _2udc
_cBK
999 _c47416
_d47416